Jammu & Kashmir Service Selection Board (Record no. 207887)

MARC details
000 -LEADER
fixed length control field 00624nam a22001817a 4500
005 - DATE AND TIME OF LATEST TRANSACTION
control field 20241220165838.0
010 ## - LCCN (DPL NO)
LC control number DEC24UP ENG-143142
020 ## - INTERNATIONAL STANDARD BOOK NUMBER
Terms of availability 265.00
International Standard Book Number 9789389664669
035 ## - SYSTEM CONTROL NUMBER
System control number EN-126674
037 ## - SOURCE OF ACQUISITION
Source of stock number/acquisition DBAD
082 ## - DEWEY DECIMAL CLASSIFICATION NUMBER
Classification number 000
100 ## - MAIN ENTRY--PERSONAL NAME
Personal name Editorial Board
245 ## - TITLE STATEMENT
Title Jammu & Kashmir Service Selection Board
Remainder of title Junior Assistant Group C/
Statement of responsibility, etc by Editorial Board
260 ## - PUBLICATION, DISTRIBUTION, ETC. (IMPRINT)
Place of publication, distribution, etc Agra
Name of publisher, distributor, etc Upkar Prakashan
Date of publication, distribution, etc 2024
270 ## - ADDRESS
City Agra
Address 1 State Bank Colony, Near Khandari, Agra-Mathura Bypass Road,
Postal code 282005
Telephone number 2530966
-- 2531101
Electronic mail address care@upkar.in
300 ## - PHYSICAL DESCRIPTION
Extent vpp.
Dimensions 26cm(pbk)
942 ## - ADDED ENTRY ELEMENTS (KOHA)
Source of classification or shelving scheme Dewey Decimal Classification
Item type English Books
Classification part 000
Call number suffix JAM
Holdings
Withdrawn status Lost status Not for loan Collection code Home library Current library Date acquired Source of acquisition Cost, normal purchase price Full call number Barcode Copy number Cost, replacement price Koha item type
      Non-fiction Central Library Central Library 20/12/2024 Delivery of Books Division 265.00 000 JAM EN-126674 1 265.00 English Books

© Delhi Public Library
Hit Counter
free hit counter